Larousse élémentaire illustré

Enregistré dans:
Détails bibliographiques
Format: Livre
Langue:français
Publié: Paris : Librairie larousse, 1974
Sujets:
Tags: Ajouter un tag
Pas de tags, Soyez le premier à ajouter un tag!

MARC

LEADER 00000nam a22000003a 4500
001 stu38554
005 20150408180708.4
008 921105s1974----fr------------------fre-d
040 |a STU  |b slo 
041 0 |a fre 
044 |a fr 
080 |a 031 
245 |a Larousse élémentaire illustré 
260 |a Paris :  |b Librairie larousse,  |c 1974 
300 |a 1275 s 
650 7 |a encyklopédie  |2 stusub 
996 |b 284M020169  |c M*3475-1  |l MMKN  |s A  |a 24  |w stu38554_0001